Propuesta de plan de mantenimiento preventivo para las líneas de producción de hielo en escama y maquilado de camarón, de la empresa PROCAMSA, en la ciudad de El Viejo, Departamento de Chinandega

La investigación está enfocada en proponer un plan de mantenimiento preventivo que ayude en el funcionamiento de los equipos y maquinarias con que cuenta la empresa. Con este plan se pretende mejorar el nivel del servicio, así como la calidad de sus productos y vida útil de la maquinaria impleme...

Full description

Bibliographic Details
Main Authors: Arguello Guerrero, Kliford Eduardo, Matamoros Serrano, Rosa Emilia, Pinell Cerrato, Zorayda Paola
Other Authors: Tutor: Gómez Guadamuz, Mario Arnulfo
Format: Tesis Section = Libro
Language:Undetermined
Spanish
Published: Managua UNI 2021
Subjects:
LEADER 01306nam a2200277Ia 4500
008 240830s9999 xx 000 0 und d
040 |a BIBLIOTECA-RUPAP/ Mon 658.202 A694 
041 |a spa 
082 |a Mon 658.202 A694 
100 1 |a Arguello Guerrero, Kliford Eduardo 
100 1 |b Matamoros Serrano, Rosa Emilia 
100 1 |c Pinell Cerrato, Zorayda Paola 
245 1 0 |a Propuesta de plan de mantenimiento preventivo para las líneas de producción de hielo en escama y maquilado de camarón, de la empresa PROCAMSA, en la ciudad de El Viejo, Departamento de Chinandega 
260 |a Managua  |b UNI  |c 2021 
300 |a 103 p.:il. 
500 |a Contiene: anexos y CD. 
502 |a Tesis (Ingeniero Industrial) - UNI, 2021. 
520 3 |a La investigación está enfocada en proponer un plan de mantenimiento preventivo que ayude en el funcionamiento de los equipos y maquinarias con que cuenta la empresa. Con este plan se pretende mejorar el nivel del servicio, así como la calidad de sus productos y vida útil de la maquinaria implementada. 
650 7 |a MANTENIMIENTO PREVENTIVO 
650 7 |b  EQUIPOS-MANTENIMIENTO PREVENTIVO 
650 7 |c  PLANIFICACION 
650 7 |d  PRODUCCION 
700 1 |a Tutor:  |b Gómez Guadamuz, Mario Arnulfo 
942 |c BK  |2 ddc 
991 |a TESIS 
999 |c 19131